000 00554nam a2200169 u 4500
001 000003718
005 20200929150537.0
008 090713s2008 dr r 000 0 spa d
040 _aDO-SdBNP
_bspa
_cBNPHU
100 1 _aDíaz, José
_99448
245 1 0 _aNarcizaso, :
_b¿Donde estás? /
_cJosé Díaz; prólogo Rafael Domínguez Gautreaux.
260 _aSanto Domingo :
_bBúho,
_c2008.
300 _a479p. :
_bil. ;
_c23 cm.
500 _aIncluye índice
500 _aIncluye nota a pie de página
700 1 _aDomínguez Gautreaux, Rafael
_eprólogo
_99450
999 _c3540
_d3540